| 000 -LEADER |
| fixed length control field |
01254cam a2200289 i 4500 |
| 001 - CONTROL NUMBER |
| control field |
19456583 |
| 005 - DATE AND TIME OF LATEST TRANSACTION |
| control field |
20221105212002.0 |
| 008 - FIXED-LENGTH DATA ELEMENTS--GENERAL INFORMATION |
| fixed length control field |
170118t20182018paua b 000 0 eng |
| 010 ## - LIBRARY OF CONGRESS CONTROL NUMBER |
| LC control number |
2017002153 |
| 020 ## - INTERNATIONAL STANDARD BOOK NUMBER |
| International Standard Book Number |
9780323478816 (pbk.) 1 |
| 041 ## - LANGUAGE CODE |
| Language code of text/sound track or separate title |
eng |
| 080 ## - UNIVERSAL DECIMAL CLASSIFICATION NUMBER |
| Universal Decimal Classification number |
612 C-83 |
| 100 1# - MAIN ENTRY--PERSONAL NAME |
| Personal name |
Costanzo, Linda S., |
| Dates associated with a name |
1947- |
| Relator term |
author. |
| 9 (RLIN) |
9473 |
| 245 10 - TITLE STATEMENT |
| Title |
Physiology / |
| Statement of responsibility, etc. |
Linda S. Costanzo, PhD, Professor of Physiology and Biophysics, Virginia Commonwealth University School of Medicine, Richmond, Virginia. |
| 250 ## - EDITION STATEMENT |
| Edition statement |
Sixth edition. |
| 264 #1 - PRODUCTION, PUBLICATION, DISTRIBUTION, MANUFACTURE, AND COPYRIGHT NOTICE |
| Place of production, publication, distribution, manufacture |
Philadelphia, PA : |
| Name of producer, publisher, distributor, manufacturer |
Elsevier, |
| Date of production, publication, distribution, manufacture, or copyright notice |
[2018] |
| 300 ## - PHYSICAL DESCRIPTION |
| Extent |
516 pages : |
| Other physical details |
color illustrations ; |
| Dimensions |
28 cm. |
| 504 ## - BIBLIOGRAPHY, ETC. NOTE |
| Bibliography, etc. note |
Includes bibliographical references and index. |
| 505 0# - FORMATTED CONTENTS NOTE |
| Formatted contents note |
Cellular physiology -- Autonomic nervous system -- Neurophysiology -- Cardiovascular physiology -- Respiratory physiology -- Renal physiology -- Acid-base physiology -- Gastrointestinal physiology -- Endocrine physiology -- Reproductive physiology. |
| 650 #0 - SUBJECT ADDED ENTRY--TOPICAL TERM |
| Topical term or geographic name entry element |
Physiology. |
| 9 (RLIN) |
9474 |
| 650 12 - SUBJECT ADDED ENTRY--TOPICAL TERM |
| Topical term or geographic name entry element |
Physiological Phenomena |
| 9 (RLIN) |
9475 |
| 650 22 - SUBJECT ADDED ENTRY--TOPICAL TERM |
| Topical term or geographic name entry element |
Physiology |
| 9 (RLIN) |
9474 |
| 653 ## - INDEX TERM--UNCONTROLLED |
| keyword |
მედიცინა |
| 653 ## - INDEX TERM--UNCONTROLLED |
| keyword |
ფიზიოლოგია |
| 942 ## - ADDED ENTRY ELEMENTS (KOHA) |
| Source of classification or shelving scheme |
|
| Koha item type |
წიგნი |